000 00645nam a2200181Ia 4500
008 100921s9999 xx 000 0 und d
082 _b9172
_a891.462 थ 68
100 _aदारव्हेकर पुरूषोत्तम.
245 _aघनश्याम नयनी आला.
260 _bपरचुरे प्रकाशन,मुंबई.
_c1968
300 _a102
_b---
365 _b4
520 _aललित-नाटके.
630 _aघनश्याम नयनी आला.
650 _aललित-नाटके.
730 _aघनश्याम नयनी आला.
942 _cBOOK
999 _c758285
_d758282